Bajo el signo de la desintegración (Record no. 80271)

MARC details
000 -LEADER
campo de control de longitud fija 00560nam a2200169 i 4500
001 - NÚMERO DE CONTROL
campo de control 80271
003 - IDENTIFICADOR DE NÚMERO DE CONTROL
campo de control ES-MaACL
005 - FECHA Y HORA DE LA ÚLTIMA TRANSACCIÓN
campo de control 20230906174158.0
007 - CAMPO FIJO DE DESCRIPCIÓN FÍSICA--INFORMACIÓN GENERAL
campo de control de longitud fija t|
008 - DATOS DE LONGITUD FIJA--INFORMACIÓN GENERAL
campo de control de longitud fija 041027s1961 sp ||||1| spa d
100 1# - ENTRADA PRINCIPAL--NOMBRE DE PERSONA
Nombre de persona Hidalgo Bragado, Moises.
9 (RLIN) 63581
245 10 - MENCIÓN DEL TÍTULO
Título Bajo el signo de la desintegración
Resto del título : (un análisis psicológico de las constantes culturales de nuestro tiempo) /
Mención de responsabilidad, etc. Moises Hidalgo Bragado.
260 ## - PUBLICACIÓN, DISTRIBUCIÓN, ETC.
Lugar de publicación, distribución, etc. Alcoy :
Nombre del editor, distribuidor, etc. [s.n.,
Fecha de publicación, distribución, etc. 1961]
300 ## - DESCRIPCIÓN FÍSICA
Extensión 77 p. ;
Dimensiones 25 cm.
852 ## - LOCALIZACIÓN
Ubicación ES-MaACL
Número de control de estantería C-20663
Sublocalización o colección R.49118
852 ## - LOCALIZACIÓN
Ubicación ES-MaACL
Número de control de estantería C-21930
Sublocalización o colección R.48734
Holdings
Estatus retirado Estado de pérdida Estado de daño No para préstamo Biblioteca de origen Biblioteca actual Ubicación en estantería Fecha de adquisición Fuente de adquisición Total de préstamos Signatura topográfica completa Código de barras Visto por última vez Precio de reemplazo Tipo de ítem Koha
        Biblioteca del Ateneo de Madrid Biblioteca del Ateneo de Madrid Galería 17/01/2008     C-21930 1083927 23/02/2023 23/02/2023 Libro impreso
        Biblioteca del Ateneo de Madrid Biblioteca del Ateneo de Madrid Galería 17/01/2008     C-20663 1083926 23/02/2023 23/02/2023 Libro impreso